Bioquímica de Harper

Tallennettuna:
Bibliografiset tiedot
Päätekijät: Murray, Robert K. (autor), Granner, Daryl K (Tekijä), Mayes, Peter A (Tekijä), Rodwell, Victor W (Tekijä)
Aineistotyyppi: Kirja
Kieli:espanja
Julkaistu: Ciudad de México Manual Moderno 2001
Painos:15a. ed
Aiheet:
Tagit: Lisää tagi
Ei tageja, Lisää ensimmäinen tagi!

MARC

LEADER 00000nam a2200000 a 4500
001 UCI3352
003 CL-VaPUC
008 071026e20010000MX |||||||||||||||||spa|d
020 |a 9684268572 
082 0 4 |a 572  |b MUR  |2 21 
100 |a Murray, Robert K.  |e autor  |9 306882 
700 0 |a Granner, Daryl K  |e author  |9 524712 
700 0 |a Mayes, Peter A  |e author  |9 524713 
700 0 |a Rodwell, Victor W  |e author  |9 524714 
245 1 0 |a Bioquímica de Harper 
250 |a 15a. ed 
300 |a 1041 p 
942 |c BK 
945 |d 20071026 00:00:00  |a rbrito 
260 |a Ciudad de México  |b Manual Moderno  |c 2001 
650 0 |a Bioquímica   |9 259492 
650 7 |a PROTEINAS  |2 CL-VaPUC  |9 524715 
650 0 |a Enzimas  |9 262984 
650 0 |a Aminoácidos   |9 259616 
650 0 |a Lípidos   |9 306890 
650 7 |a HORMONAS  |2 CL-VaPUC  |9 269554 
650 0 |a Nutrición   |9 259434 
650 7 |a ERITROCITOS  |2 CL-VaPUC  |9 497335 
650 7 |a LEUCOSITOS  |2 CL-VaPUC  |9 524716 
583 |a last modification  |c 20071026 00:00:00  |k Rodrigo Vera 
999 |c 327604  |d 327602 
952 |0 0  |1 0  |4 0  |6 572_000000000000000_MUR_2001  |7 0  |8 A  |9 410621  |a BIBCUR  |b BIBCUR  |d 2019-11-22  |i 4382250  |l 4  |o 572 MUR 2001  |p 4382250  |r 2025-04-24  |s 2025-04-24  |w 2019-11-22  |y BK  |k BCB